000 02750nam a2200289 i 4500
003 DO-SdBNP
005 20250204102511.0
007 ta
008 240320b2007 dr a|||| |||| 00| 0 spa d
040 _aDO-SdBNP
_bspa
_cBNPHU
_erda
082 4 _a330.97293
_bF825h, 2007
_222
100 1 _aFranco, Franklin J.,
_d1936-
_eautor
_4aut.
_934417
245 1 0 _aHistoria económica y financiera de la República Dominicana 1844-1962 :
_bIntroducción a su estudio /
_cFranklin Franco Pichardo
250 _aquinta edición
264 1 _aSanto Domingo :
_bUniversidad Autónoma de Santo Domingo
_c2007.
300 _a304 páginas :
_bilustraciones ;
_c21 cm.
336 _atexto
_btxt
_2rdacontent
337 _asin mediación
_bn
_2rdamedia
338 _avolumen
_2rdacarrier
_bnc
505 _aPerfil de la situación económica del mundo occidental en la época de la Independencia Nacional y años inmediatamente posteriores--
_tAntecedentes --
_tEstructura de la economía: 1844-1870 25 --
_t Los problemas monetarios --
_tLa economía durante la anexión --
_tEstado y administración pública --
_tDe las compañías de crédito al endeudamiento exterior --
_tEl repunte y caída de la industria azucarera --
_tCambios en la política económica: 1865-1880 --
_t Tratado de libre cambio con Estados Unidos 1891-1894 --
_tPoblación 1844-1900 --
_tLa crisis monetaria y la guerra internacional entre el oro y la plata --
_tLa economía a finales del siglo XIX y los empréstitos con la Wesntendorp y la Santo Domingo Improvement Company --
_tLos primeros bancos: antecedentes --
_tLos primeros bancos: antecedentes --
_t Los primeros bancos : antecedentes --
_tLa descomposición del campesinado --
_tLa industria, la agricultura y la ganadería desde principios de siglo a 1920 --
_tLa consolidación de la hegemonía norteamericana en la economía nacional --
_t La convención de 1907 y las reformas económicas del régimen de Cáceres --
_tEl caos político afecta la economía y la administración pública --
_tLa política económica de la dictadura militar norteamericana: 1916-1922 --
_tLa política económica de la dictadura militar norteamericana : 1916-1922 --
_tLa situación económica entre 1922-1930--
_tLa crisis mundial de 1929 y sus repercusiones, años después --
_tLa economía nacional entre 1935 y segunda guerra mundial --
_tDe la segunda guerra mundial a la creación de la moneda nacional.
590 _aInventariado, 2024/BT
650 4 _aFinanzas
_xRepública Dominicana
_xHistoria
_y1844-1962
_913745
651 4 _aRepública Dominicana
_xCondiciones económicas
_xHistoria
_y1844-1962
_913746
651 4 _aRepública Dominicana
_xPolítica económica
_xHistoria
_y1844-1962
_913747
910 _aBtavárez
942 _2ddc
_cLBS1
999 _c56154
_d56154